Anatomofisiologia: sistema osteo-articular
Guardat en:
| Autor principal: | |
|---|---|
| Format: | Llibre |
| Idioma: | portuguès |
| Publicat: |
Lisboa
Universidade Técnica de Lisboa, Falculdade de Motricidade Humana
2008
|
| Edició: | 5a. ed |
| Matèries: | |
| Etiquetes: |
Afegir etiqueta
Sense etiquetes, Sigues el primer a etiquetar aquest registre!
|
MARC
| LEADER | 00000nam a2200000 a 4500 | ||
|---|---|---|---|
| 001 | UCG4653 | ||
| 003 | CL-VaPUC | ||
| 008 | 101118e20080800PO |||||||||||||||||por|d | ||
| 020 | |a 9789727351404 | ||
| 082 | 0 | 4 | |a 612 |b ESP |2 21 |
| 100 | 0 | |a Espanha, Margarida |e author |9 554036 | |
| 245 | 1 | 0 | |a Anatomofisiologia: sistema osteo-articular |
| 250 | |a 5a. ed | ||
| 300 | |a t | ||
| 942 | |c BK | ||
| 945 | |d 20101118 00:00:00 |a mfarfan | ||
| 260 | |a Lisboa |b Universidade Técnica de Lisboa, Falculdade de Motricidade Humana |c 2008 | ||
| 650 | 7 | |a FISIOLOGIA |2 CL-VaPUC |9 554037 | |
| 650 | 0 | |a Anatomía |9 261202 | |
| 650 | 7 | |a SISTEMA OSEO |2 CL-VaPUC |9 393423 | |
| 650 | 0 | |a Articulaciones |9 324125 | |
| 650 | 7 | |a ORGANISMO |2 CL-VaPUC |9 372632 | |
| 650 | 7 | |a SISTEMA MUSCULAR |2 CL-VaPUC |9 269682 | |
| 650 | 0 | |a Aparato locomotor (musculoesqueleto) |9 474697 | |
| 583 | |a last modification |c 20101118 00:00:00 |k Rodrigo Vera | ||
| 999 | |c 343324 |d 343322 | ||
| 952 | |0 0 |1 0 |4 0 |6 612_000000000000000_ESP_2008 |7 0 |8 A |9 440551 |a BIBEDU |b BIBEDU |d 2019-11-22 |h t.1 |i 4733266 |o 612 ESP 2008 |p 4733266 |r 2019-11-22 |w 2019-11-22 |y BK |k EFI | ||